| 000 | 00841cam a2200253Ia 4500 | ||
|---|---|---|---|
| 001 | 92279 | ||
| 005 | 20230411090050.0 | ||
| 008 | 830923s1974 iluc s000 0 eng d | ||
| 035 | _a(OCoLC)ocm09942092 | ||
| 040 |
_aIAF _cIAF _dAU@ |
||
| 029 | 1 |
_aAU@ _b000010558175 |
|
| 035 | _a(OCoLC)9942092 | ||
| 082 | 0 | 4 |
_a001 _220 |
| 049 | _aGRAL | ||
| 100 | 1 |
_aBerlin, Isaiah, _d1909-1997 |
|
| 245 | 1 | 4 |
_aThe divorce between the sciences and the humanities / _cby Sir Isaiah Berlin. |
| 260 |
_a[Urbana, Ill. : _bUniversity of Illinois, _c1974] |
||
| 300 |
_a44 p. : _bports. ; _c25 cm. |
||
| 440 | 0 |
_aTykociner memorial lecture ; _v2 |
|
| 500 | _a"The second Tykociner memorial lecture, University of Illinois, 112 Gregory Hall, March 14, 1974, 8:00 p.m." | ||
| 650 | 0 | _aScience and the humanities. | |
| 942 |
_2lcc _cbk |
||
| 994 |
_aC0 _bDRFGD |
||
| 999 |
_c111857 _d111857 |
||